000 01245nkm a2200301 i 4500
001 3299
003 ES-MaACL
005 20250713062632.0
007 khrbo
008 051011s1984 sp --- g |001||spa d
100 0 _aAlfonso,
_d1902-1990
_919858
245 1 0 _a50º Aniversario de la muerte de Sandino [
_hFotografía] /
_cAlfonso (sello).
260 _a[S.l. :
_bs.n.],
_c1984.
300 _a5 fot. :
_bb. y n. ;
_c13 x 18 cm.
500 _aDatos basados en invitación
511 0 _aIntervienen: Orlando Castillo, Miguel Izart.
518 _aActo organizado por el Ateneo de Madrid en colaboración con el Instituto de Estudios para América Latina y África (IEPALA), celebrado en el salón de actos el viernes, 24 de febrero de 1984, a las 19:30 h
600 1 4 _aSandino, Augusto César-
_9103094
_vHomenajes
600 0 4 _aCastillo, Orlando
_936711
600 1 4 _aIzart, Miguel.
_965685
610 2 4 _aAteneo de Madrid-
_xActos culturales-
_y1984-
_vFotografías.
_91898
710 2 _aAteneo de Madrid.
_91875
710 2 _aIEPALA.
_9176798
852 _aES-MaACL
_jFOT 6/1984
856 4 _uhttp://www.ateneodemadrid.net/biblioteca_digital/imagenes/1984/0006-1984.jpg
_zVer imagen
942 _2udc
999 _c3299
_d3299